Statistics for African Countries by First 2 Letters

Click here to take the quiz!

General Stats

  • This quiz has been taken 127,352 times
  • The average score is 42 of 54

Answers on the Map

Answers color-coded by a green-red scale on the quiz's map according to % correct below.
Loading ...
 

Answer Stats

country% Correct
South Sudan
97%
South Africa
97%
Somalia
97%
Mauritius
96%
Mauritania
96%
Mali
96%
Malawi
96%
Madagascar
96%
Egypt
95%
Mozambique
94%
Morocco
94%
Algeria
92%
D.R. Congo
90%
Ivory Coast
89%
Liberia
89%
Libya
89%
Rep of the
Congo
87%
Sudan
87%
Nigeria
87%
Niger
87%
Comoros
84%
Ethiopia
83%
Chad
81%
Tunisia
80%
Kenya
77%
Angola
77%
Cape Verde
76%
Cameroon
76%
Namibia
74%
Zambia
74%
Tanzania
73%
Zimbabwe
73%
Senegal
72%
Seychelles
72%
Gabon
71%
Gambia
71%
Eritrea
70%
Ghana
70%
Botswana
70%
Burkina Faso
68%
Burundi
68%
Lesotho
68%
Benin
65%
Togo
65%
Uganda
63%
Central African
Republic
63%
Guinea
62%
Guinea-Bissau
62%
Rwanda
60%
Eswatini
60%
Djibouti
58%
Sierra Leone
55%
Equatorial
Guinea
50%
São Tomé
and Príncipe
47%

Score Distribution

Percentile by Number Answered

Percent of People with Each Score

Your Score History

You have not taken this quiz